000 00562ntaaa2200193 4500
003 01
005 20251027201720.0
008 0714s1973 ag 01
040 _aAR-BaBN
_bspa
_cAR-BaBN
_eaacr
_dRIC
082 _a234.1100 P36
100 _aPelikan, Jaroslav
245 _aFools for Christ
250 _a1 ed.
260 _aPhiladelphia :
_bMuhlenberg Press,
_cc1955
300 _a172 p
500 _aEnsayos sobre lo santo, la verdad, lo bueno, y lo hermoso. Por Kierkegaard, Pablo, Dostoevsky, Lutero, Nietzche y Bach
650 _asantidad
942 _cBK
999 _c11821
_d11821